"Az OTI szegedi székházának építése a legrövidebb időn belül megkezdődik" mondotta Kovrig vezérigazgatóhelyettes Pálfy polgármesternek ; Az akták az ipari minisztériumban vannak és nincs szó arról, hogy az építkezés megint elmarad

Elmentve itt :
Bibliográfiai részletek
Dokumentumtípus: Cikk
Megjelent: 1936-03-18
Sorozat:Délmagyarország 12 No. 67
Kulcsszavak:Pap Róbert, Shvoy Kálmán, Kovrig Béla
Online Access:http://dmarchiv.bibl.u-szeged.hu/49166
LEADER 00652nab a2200145 i 4500
001 delm49166
005 20180927134849.0
008 180927s1936 hu o 0|| hun d
040 |a SZTE Délmagyarország Archívum  |b hun 
041 |a hun 
245 0 0 |a "Az OTI szegedi székházának építése a legrövidebb időn belül megkezdődik"   |h [elektronikus dokumentum] :  |b mondotta Kovrig vezérigazgatóhelyettes Pálfy polgármesternek ; Az akták az ipari minisztériumban vannak és nincs szó arról, hogy az építkezés megint elmarad 
260 |c 1936-03-18 
300 |a 3 
490 0 |a Délmagyarország  |v 12 No. 67 
695 |a Pap Róbert, Shvoy Kálmán, Kovrig Béla